[Event "IECC CL8-2003.17 email"]
[Site "IECC email"]
[Date "2003.08.14"]
[Round "?"]
[White "Nicolaescu, Nicolae"]
[Black "Ozor, Matthew"]
[Result "1-0"]
[WhiteElo "1000"]
[BlackElo "968"]
[PlyCount "37"]
[EventDate "2003.??.??"]
[EventType "tourn (corr)"]
[EventRounds "4"]
[SourceTitle "Corr 2008"]
[Source "ChessBase"]
[SourceDate "2008.06.24"]
[SourceVersion "1"]
[SourceVersionDate "2008.06.24"]
[SourceQuality "1"]

1. e4 e5 2. Nf3 g6 3. d4 f5 4. exf5 d5 5. fxg6 Bg4 6. dxe5 hxg6 7. Bd3 Nc6 8. Bxg6+ Kd7 9. Qxd5+ Bd6 10. exd6 Nf6 11. Bf5+ Bxf5 12. Qxf5+ Kxd6 13. Bf4+ Ke7 14. 0-0 Rh5 15. Re1+ Kf7 16. Ng5+ Kg7 17. Ne6+ Kg8 18. Qg6+ Kh8 19. Qg7# 1-0

[Event "IECC CL8-2003.17 email"]
[Site "IECC email"]
[Date "2003.08.14"]
[Round "?"]
[White "Ozor, Matthew"]
[Black "Smeulders, Thomas"]
[Result "0-1"]
[WhiteElo "954"]
[BlackElo "803"]
[PlyCount "80"]
[EventDate "2003.??.??"]
[EventType "tourn (corr)"]
[EventRounds "4"]
[SourceTitle "Corr 2008"]
[Source "ChessBase"]
[SourceDate "2008.06.24"]
[SourceVersion "1"]
[SourceVersionDate "2008.06.24"]
[SourceQuality "1"]

1. d4 d5 2. e3 e6 3. b3 b5 4. Bd3 c6 5. Nf3 Bd6 6. 0-0 Nf6 7. c4 Ba6 8. Ng5 dxc4 9. Qf3 cxd3 10. e4 b4 11. e5 Bxe5 12. dxe5 d2 13. Bxd2 Bxf1 14. Kxf1 Qd4 15. Nc3 bxc3 16. Be3 Qxe5 17. h4 0-0 18. Re1 Rd8 19. Rd1 Nd5 20. Bd4 Qf4 21. Qh5 Nd7 22. Qxh7+ Kf8 23. Qxg7+ Ke7 24. g3 c2 25. Bc5+ Nxc5 26. gxf4 cxd1Q+ 27. Kg2 Nxf4+ 28. Kg3 Ne2+ 29. Kg4 Ng1+ 30. f3 Qd4+ 31. Ne4 Qxg7+ 32. Ng5 f6 33. f4 fxg5 34. fxg5 Qb2 35. a3 Qxa3 36. h5 Qxb3 37. g6 Qf3+ 38. Kg5 Qe4 39. Kh6 Rh8+ 40. Kg5 Nf3# 0-1